LEADER 00914nam0-2200277 --450 001 9910355059303321 005 20191213121312.0 010 $a978-88-495-3159-6 100 $a20191213d2016----kmuy0itay5050 ba 101 0 $aita 102 $aIT 105 $a 001yy 200 1 $aPrincipi ed argomenti di scrittura giuridica dal negozio agli atti normativi e processuali$ealla ricerca di un metodo$fIrene Coppola 210 $aNapoli$cEdizioni Scientifiche Italiane$d2016 215 $a152 p.$d24 cm 225 1 $aESI-uni$v165 610 0 $aDiritto$aLinguaggio$aItalia 676 $a340.14$v23 700 1$aCoppola,$bIrene$0755094 801 0$aIT$bUNINA$gREICAT$2UNIMARC 901 $aBK 912 $a9910355059303321 952 $aVI 786$b426 cos$fDDCIC 959 $aDDCIC 996 $aPrincipi ed argomenti di scrittura giuridica dal negozio agli atti normativi e processuali$91547951 997 $aUNINA LEADER 01585oas 22005773a 450 001 9910679272603321 005 20250628213018.0 011 $a1939-3563 035 $a(OCoLC)159922108 035 $a(CONSER) 2007216022 035 $a(CKB)1000000000308961 035 $a(EXLCZ)991000000000308961 100 $a20070730a20059999 sy a 101 0 $aeng 135 $aur||||||||||| 181 $ctxt$2rdacontent 182 $cc$2rdamedia 183 $acr$2rdacarrier 200 10$aAcademy of Health Care Management journal 210 $aCullowhee, NC $cAllied Academies 300 $aRefereed/Peer-reviewed 311 08$a1559-7628 517 3 $aAHCMJ 606 $aHealth services administration$vPeriodicals 606 $aPublic health administration$vPeriodicals 606 $aHealth services administration$2fast$3(OCoLC)fst00953286 606 $aPublic health administration$2fast$3(OCoLC)fst01082334 608 $aPeriodicals.$2fast 615 0$aHealth services administration 615 0$aPublic health administration 615 7$aHealth services administration. 615 7$aPublic health administration. 676 $a362 801 0$bNSD 801 1$bNSD 801 2$bNSD 801 2$bDLC 801 2$bNUI 801 2$bAD# 801 2$bOCLCQ 801 2$bCOO 801 2$bOCLCO 801 2$bOCLCF 801 2$bOCLCO 801 2$bOCLCQ 801 2$bIOY 801 2$bOCLCL 906 $aJOURNAL 912 $a9910679272603321 996 $aAcademy of Health Care Management journal$92423303 997 $aUNINA